LEADER 01138nam a2200277 i 4500 001 000000175405 003 CaOOAMICUS 005 20081118000000.0 008 081118s1991 it u000 u ita u 013 $a152884 020 $a88-311-1304-6 040 $aSeMil$bita 100 1 $aZuanazzi, Gianfrancesco <1930-2018>.$0(OLS)http://semarc/name/90600 245 10$aTemi e simboli dell'eros /$cGianfrancesco Zuanazzi. 260 $aRoma :$bCittà Nuova,$c1991. 300 $a157 p. ;$c24 cm. 490 0 $aCollana di studi sulla persona e la famiglia 500 $aDono di Don Romano Martinelli. 650 4$aAmore - Concezione cristiana.$0(OLS)http://semarc/subject/2285 830 0$aCollana di studi sulla persona e la famiglia.$0(OLS)http://semarc/title/16622 850 $aSeMil 852 $aSeMil$W1$xVenegono$y1$m2E V 66$j126227$B126227$CSeMilBibl$Z2$F137427 $81 961 $aOmaggio: Martinelli don Romano 996 $6020$a88-311-1304-6$9(OLS)http://semarc/number/163631 996 $6245$aTemi e simboli dell'eros$9(OLS)http://semarc/title/251571 996 $6260$aRoma :$bCittà Nuova$9(OLS)http://semarc/publisher/29609 LEADER 00921nam a2200217 i 4500 001 000000235506 003 CaOOAMICUS 005 20141110000000.0 008 141110s1970 it u000 u ita u 013 $a214410 040 $aSeMil$bita 110 0 $aSuore di Carità delle ss. Bartolomea Capitanio e Vincenza Gerosa .$0(OLS)http://semarc/name/44091 245 10$aDecreti del Capitolo speciale /$cSuore di Carità delle Sante Capitanio e Gerosa. 260 $aMilano :$bStella Maris,$c1970. 300 $a287 p. ;$c18 cm. 650 4$aSuore di Maria Bambina - Regole e Costituzioni.$0(OLS)http://semarc/subject/18828 850 $aSeMil 852 $aSeMil$W1$xVenegono$y1$m3F II 1128$j240909$B185852$CSeMilBibl$Z2$F197880 $81 961 $aOmaggio: Altro 996 $6245$aDecreti del Capitolo speciale$9(OLS)http://semarc/title/335767 996 $6260$aMilano :$bStella Maris$9(OLS)http://semarc/publisher/42100